Národná Jednota

Bibliographic Details
Format: Journal
Language:Slovak
PhysicalDescription:21 zv. 38 cm
Published: Petrovec, Báčka Kníhtlačiareň úč. spol., Petrovec 1920-1941
ISSN:2217-6519
Subjects:

MARC

LEADER 00000cas a2200000 a 4500
001 vtls001347792
003 SK-MaSNL
005 20260228155718.0
008 981110d19201941rb wr|p 0 0b0slo
022 |a 2217-6519 
035 |a SNK000301060 
040 |a SNK  |b slo  |c SNK  |d SVKBB  |e AACR2 
041 0 |a slo 
044 |a rb  |c RS 
072 7 |a 323  |x Vnútropolitický vývoj, politický život  |2 konspekt 
080 |a 323.15  |2 2011 
080 |a (=162.4)  |2 2011 
080 |a 050  |2 2001 
080 |a 323.15(051)  |2 2011 
210 0 |a Nár. jedn. 
222 0 |a Národná jednota 
245 0 0 |a Národná Jednota 
246 3 3 |a Národná jednota (Petrovec) 
260 |a Petrovec, Báčka  |b Kníhtlačiareň úč. spol., Petrovec  |c 1920-1941 
300 |a 21 zv.  |c 38 cm 
310 |a 1x týždenne 
362 0 |a Roč. 1, nr. 1 (1920)-roč. 21, (5 apríla 1941) 
525 |a Bezplatná mesačná rovnomenná príloha pre deti: Národná jednota 
650 0 7 |a Slováci v zahraničí  |2 SNKPH  |9 14695 
655 7 |a časopisy národnostných menšín  |2 SNKPH  |9 125411 
770 0 |t Národná jednota : bezplatná mesačná príloha pre naše deti 
850 |a Slovenská národná knižnica v Martine 
910 |a snk 
999 |c 296  |d 296 
952 |0 0  |1 0  |4 0  |7 0  |a SNK  |b SNK  |d 2006-03-16  |i snk 403/32  |l 0  |o snkČSA 36/12/1931  |p 17A0498056  |r 2026-02-21 19:47:16  |t č. 103-104  |w 2026-02-21  |y PREZ 
952 |0 0  |1 0  |4 0  |7 0  |a SNK  |b SNK  |d 2006-03-16  |l 0  |o snkČSA 36/8/1927  |p 17A0498054  |r 2026-02-21 19:47:16  |w 2026-02-21  |y PREZ 
952 |0 0  |1 0  |4 0  |7 0  |a SNK  |b SNK  |d 2006-03-16  |i snk 2429/29  |l 0  |o snkČSA 36/7/1926  |p 17A0498053  |r 2026-02-21 19:47:16  |t č. 1-52  |w 2026-02-21  |y PREZ 
952 |0 0  |1 0  |4 0  |7 0  |a SNK  |b SNK  |d 2006-03-16  |i snk 2428/29  |l 0  |o snkČSA 36/6/1925  |p 17A0498052  |r 2026-02-21 19:47:16  |t č. 1-53  |w 2026-02-21  |y PREZ 
952 |0 0  |1 0  |4 0  |7 0  |a SNK  |b SNK  |d 2006-03-16  |i snk 2426/29  |l 0  |o snkČSA 36/4/1923  |p 17A0498051  |r 2026-02-21 19:47:16  |t č. 1-52  |w 2026-02-21  |y PREZ 
952 |0 0  |1 0  |4 0  |7 0  |a SNK  |b SNK  |d 2006-03-16  |i snk 2425/29  |l 0  |o snkČSA 36/3/1922  |p 17A0498028  |r 2026-02-21 19:47:16  |t č. 1-52  |w 2026-02-21  |y PREZ 
952 |0 0  |1 0  |4 0  |7 0  |8 3  |a SNK  |b SNK  |d 2011-04-08  |i snkK 2643/64  |l 0  |o snkČSA 36/9/1928 D1  |p 17A0692522  |r 2026-02-21 19:57:01  |t 1-32  |w 2026-02-21  |y PREZ 
952 |0 0  |1 1  |3 poškodený  |4 0  |7 0  |8 5  |a SNK  |b SNK  |d 2011-07-07  |i snkF 6204/78  |l 0  |o snkČSA 36/4/1923 D1  |p 17A0708467  |r 2026-02-21 20:06:47  |w 2026-02-21  |y PREZ 
952 |0 0  |1 0  |4 0  |7 0  |8 3  |a SNK  |b SNK  |d 2011-07-07  |i snkK 2655/64  |l 0  |o snkČSA 36/5/1924 D1  |p 17A0708466  |r 2026-02-21 20:06:47  |w 2026-02-21  |y PREZ 
952 |0 0  |1 0  |4 0  |7 0  |8 3  |a SNK  |b SNK  |d 2011-07-07  |i snkK 2641/64  |l 0  |o snkČSA 36/6/1925 D1  |p 17A0708465  |r 2026-02-21 20:06:47  |w 2026-02-21  |y PREZ 
952 |0 0  |1 0  |4 0  |7 0  |8 3  |a SNK  |b SNK  |d 2011-07-07  |i snkK 2665/64  |l 0  |o snkČSA 36/7/1926 D1  |p 17A0708464  |r 2026-02-21 20:06:47  |w 2026-02-21  |y PREZ 
952 |0 0  |1 0  |4 0  |7 0  |8 3  |a SNK  |b SNK  |d 2011-07-07  |i snkK 2637/64  |l 0  |o snkČSA 36/16/1935 D1  |p 17A0708462  |r 2026-02-21 20:06:47  |t č. 1-52  |w 2026-02-21  |y PREZ 
952 |0 0  |1 0  |4 0  |7 0  |8 5  |a SNK  |b SNK  |d 2011-07-07  |i snkF 5022/78  |l 0  |o snkČSA 36/17/1936 D1  |p 17A0708475  |r 2026-02-21 20:06:48  |w 2026-02-21  |y PREZ 
952 |0 0  |1 0  |4 0  |7 0  |8 3  |a SNK  |b SNK  |d 2011-07-07  |i snkK 2638/64  |l 0  |o snkČSA 36/18/1937 D1  |p 17A0708474  |r 2026-02-21 20:06:48  |t len č. 52  |w 2026-02-21  |y PREZ 
952 |0 0  |1 0  |4 0  |7 0  |8 3  |a SNK  |b SNK  |d 2011-07-07  |i snkK 2639/64  |l 0  |o snkČSA 36/19/1938 D1  |p 17A0708473  |r 2026-02-21 20:06:48  |t č. 1-53, neúplné  |w 2026-02-21  |y PREZ  |z Chýba č. 5 
952 |0 0  |1 1  |3 poškodený  |4 0  |7 0  |8 5  |a SNK  |b SNK  |d 2011-07-07  |i snkF 5115/78  |l 0  |o snkČSA 36/1/1920 D1  |p 17A0708472  |r 2026-02-21 20:06:48  |w 2026-02-21  |y PREZ 
952 |0 0  |1 0  |4 0  |7 0  |8 3  |a SNK  |b SNK  |d 2011-07-07  |i snkK 2652/64  |l 0  |o snkČSA 36/2/1921 D1  |p 17A0708471  |r 2026-02-21 20:06:48  |w 2026-02-21  |y PREZ 
952 |0 0  |1 1  |3 poškodený  |4 0  |7 0  |a SNK  |b SNK  |d 2011-07-07  |l 0  |o snkČSA 36/3/1922 D1  |p 17A0708470  |r 2026-02-21 20:06:48  |w 2026-02-21  |y PREZ 
952 |0 0  |1 0  |4 0  |7 0  |8 3  |a SNK  |b SNK  |d 2011-07-07  |i snkK 2647/64  |l 0  |o snkČSA 36/12/1931 D1  |p 17A0708469  |r 2026-02-21 20:06:48  |w 2026-02-21  |y PREZ 
952 |0 0  |1 0  |4 0  |7 0  |8 3  |a SNK  |b SNK  |d 2011-07-07  |i snkK 2648/64  |l 0  |o snkČSA 36/13/1932 D1  |p 17A0708487  |r 2026-02-21 20:06:48  |w 2026-02-21  |y PREZ 
952 |0 0  |1 0  |4 0  |7 0  |8 3  |a SNK  |b SNK  |d 2011-07-07  |i snkK 2640/64  |l 0  |o snkČSA 36/15/1934 D1  |p 17A0708486  |r 2026-02-21 20:06:48  |t č. 1-52  |w 2026-02-21  |y PREZ 
952 |0 0  |1 0  |4 0  |7 0  |8 3  |a SNK  |b SNK  |d 2011-04-08  |i snkK 2636/64  |l 0  |o snkČSA 36/11/1930 D1  |p 17A0692950  |r 2026-02-21 20:08:59  |t č. 1-105  |w 2026-02-21  |y PREZ 
952 |0 0  |1 0  |4 0  |7 0  |8 3  |a SNK  |b SNK  |d 2011-07-07  |i snkK 2642/64  |l 0  |o snkČSA 36/8/1927 D1  |p 17A0708463  |r 2026-02-21 20:09:05  |t č. 1-52  |w 2026-02-21  |y PREZ 
952 |0 0  |1 0  |4 0  |7 0  |8 3  |a SNK  |b SNK  |d 2008-05-12  |i snkK 2653/64  |l 0  |o snkČSA 36/21/1940  |p 17A0588644  |r 2026-02-21 20:16:02  |w 2026-02-21  |y PREZ 
952 |0 0  |1 0  |4 0  |7 0  |a SNK  |b SNK  |d 1997-09-11  |l 0  |o snkČSA 36/16/1935  |p 17A0093008  |r 2005-01-02 00:00:00  |w 2026-02-21  |y PREZ 
952 |0 0  |1 0  |4 0  |7 0  |a SNK  |b SNK  |d 2008-05-12  |i snk 1304/36  |l 0  |o snkČSA 36/15/1934  |p 17A0588641  |r 2026-02-21 21:12:07  |t č. 1-51  |w 2026-02-21  |y PREZ 
952 |0 0  |1 0  |4 0  |7 0  |a SNK  |b SNK  |d 2008-05-12  |i snk 3589/34  |l 0  |o snkČSA 36/14/1933  |p 17A0588642  |r 2026-02-21 21:12:07  |t č. 1-51  |w 2026-02-21  |y PREZ 
952 |0 0  |1 0  |4 0  |7 0  |a SNK  |b SNK  |d 2008-05-12  |i snk 2216/33  |l 0  |o snkČSA 36/13/1932  |p 17A0588643  |r 2026-02-21 21:12:07  |t č. 1-51  |w 2026-02-21  |y PREZ 
952 |0 0  |1 0  |4 0  |7 0  |a SNK  |b SNK  |d 1998-11-10  |l 0  |o snkČSA 36/5/1924  |p 17A0167232  |r 2005-01-02 00:00:00  |w 2026-02-21  |y PREZ 
952 |0 0  |1 0  |4 0  |7 0  |a SNK  |b SNK  |d 2002-01-23  |l 0  |o snkČSA 36/9/1928  |p 17A0330181  |r 2005-01-02 00:00:00  |w 2026-02-21  |y PREZ 
952 |0 0  |1 0  |4 0  |7 0  |a SNK  |b SNK  |d 2002-01-23  |l 0  |o snkČSA 36/10a/1929  |p 17A0330118  |r 2005-01-02 00:00:00  |w 2026-02-21  |y PREZ 
952 |0 0  |1 0  |4 0  |7 0  |a SNK  |b SNK  |d 2002-01-23  |l 0  |o snkČSA 36/10/1930  |p 17A0330152  |r 2005-01-02 00:00:00  |w 2026-02-21  |y PREZ 
952 |0 0  |1 0  |4 0  |7 0  |a SNK  |b SNK  |d 2002-01-24  |l 0  |o snkČSA 36/10b/1929  |p 17A0330195  |r 2005-01-02 00:00:00  |t č. 37-145  |w 2026-02-21  |y PREZ 
952 |0 0  |1 0  |4 0  |7 0  |a SNK  |b SNK  |d 1998-11-10  |l 0  |o snkČSA 36/1/1920  |p 17A0167351  |r 2005-01-02 00:00:00  |w 2026-02-21  |y PREZ 
952 |0 0  |1 0  |4 0  |7 0  |a SNK  |b SNK  |d 1996-12-02  |l 0  |o snkČSA 36/17/1936  |p 17A0025094  |r 2005-01-01 00:00:00  |w 2026-02-21  |y PREZ 
952 |0 0  |1 0  |4 0  |7 0  |a SNK  |b SNK  |d 1996-12-02  |l 0  |o snkČSA 36/18/1937  |p 17A0025095  |r 2005-01-01 00:00:00  |t č. 1-52  |w 2026-02-21  |y PREZ 
952 |0 0  |1 0  |4 0  |7 0  |a SNK  |b SNK  |d 1996-12-02  |l 0  |o snkČSA 36/19/1938  |p 17A0025096  |r 2005-01-01 00:00:00  |w 2026-02-21  |y PREZ 
952 |0 0  |1 0  |4 0  |7 0  |a SNK  |b SNK  |d 1996-12-02  |l 0  |o snkČSA 36/20/1939  |p 17A0025102  |r 2005-01-01 00:00:00  |w 2026-02-21  |y PREZ 
952 |0 0  |1 0  |4 0  |7 0  |8 3  |a SNK  |b SNK  |d 1996-12-04  |i snkK 2646/64  |l 0  |o snkČSA 36/20/1939 D1  |p 17A0024548  |r 2005-01-01 00:00:00  |t č. 1-52, neúplné  |w 2026-02-21  |y PREZ  |z Chýba č.: 34, 38, 41, 43-47, 49-51 
952 |0 0  |1 0  |4 0  |7 0  |a SNK  |b SNK  |d 2005-09-22  |i snk 2424/29  |l 0  |o snkČSA 36/2/1921  |p 17A0483796  |r 2026-02-21 21:40:14  |w 2026-02-21  |y PREZ 
952 |0 0  |1 0  |4 0  |7 0  |8 3  |a SNK  |b SNK  |d 2011-07-07  |i snkK 2649/64  |l 0  |o snkČSA 36/14/1933 D1  |p 17A0708488  |r 2026-02-21 21:42:06  |w 2026-02-21  |y PREZ